Kya karo kya na kro (Record no. 62766)

000 -LEADER
fixed length control field 00508nam a22001817a 4500
003 - CONTROL NUMBER IDENTIFIER
control field NUST - PNEC
005 - DATE AND TIME OF LATEST TRANSACTION
control field 20170116180756.0
008 - FIXED-LENGTH DATA ELEMENTS--GENERAL INFORMATION
fixed length control field 150407b xxu||||| |||| 00| 0 eng d
020 ## - INTERNATIONAL STANDARD BOOK NUMBER
International Standard Book Number 9789698464301
040 ## - CATALOGING SOURCE
Transcribing agency LIBRARY
082 ## - DEWEY DECIMAL CLASSIFICATION NUMBER
Classification number 297.4 SEY
100 ## - MAIN ENTRY--PERSONAL NAME
9 (RLIN) 2129
Personal name Seyal, T. H.
245 ## - TITLE STATEMENT
Title Kya karo kya na kro
Statement of responsibility, etc. T. H. Seyal
260 ## - PUBLICATION, DISTRIBUTION, ETC.
Place of publication, distribution, etc. Rawalpindi:
Name of publisher, distributor, etc. Ahmed Corporation,
Date of publication, distribution, etc. c2008.
300 ## - PHYSICAL DESCRIPTION
Extent various pagings:
Dimensions 22 cm.
650 ## - SUBJECT ADDED ENTRY--TOPICAL TERM
9 (RLIN) 2130
Topical term or geographic name entry element Social life with Quran and Hadees
General subdivision Islam
942 ## - ADDED ENTRY ELEMENTS (KOHA)
Source of classification or shelving scheme
Koha item type Book
Holdings
Withdrawn status Lost status Source of classification or shelving scheme Damaged status Not for loan Permanent Location Current Location Shelving location Date acquired Total Checkouts Full call number Barcode Date last seen Price effective from Koha item type
          Pakistan Navy Engineering College (PNEC) Pakistan Navy Engineering College (PNEC)   05/25/2010   297.4 SEY PNECLIB-029429 04/07/2015 05/25/2010 Book
© 2023 Central Library, National University of Sciences and Technology. All Rights Reserved.